000
00256nam a2200109Ia 4500
008
220204s9999 xx 000 0 und d
082
_a
82-3
_b
BUC
100
_a
Buchwald, Art
245
0
_a
Washington is leaking
260
_a
USA
_b
Fawcett
_c
1976
942
_c
BK
999
_c
33481
_d
33481